| 000 | 00000cas 2200000za 4500 |
| 001 | 9.833935 |
| 003 | CaOODSP |
| 005 | 20260415145336 |
| 007 | cr ||||||||||| |
| 008 | 170320c20149999oncar p o f0 a0eng|d |
| 022 | |a2560-6352 |
| 040 | |aCaOODSP|beng |
| 043 | |an-cn--- |
| 086 | 1 |aHR1-4E-PDF |
| 110 | 2 |aCanadian Human Rights Commission. |
| 222 | 0|aAnnual report to Parliament |b(Canadian Human Rights Commission) |
| 245 | 10|a... annual report to Parliament |h[electronic resource] / |cCanadian Human Rights Commission. |
| 246 | 1 |iIssues for 2015- have title: |aCanadian Human Rights Commission's ... annual report to Parliament |
| 260 | |aOttawa : |bCanadian Human Rights Commission, |c[2014]- |
| 310 | |aAnnual |
| 362 | 0 |aBegan with: 2013. |
| 500 | |aIssued also in French under title : Rapport annuel au Parlement / Commission canadienne des droits de la personne. |
| 520 | |aReport to Parliament on the activities of the Canadian Human Rights Commission. |
| 775 | 08|t... rapport annuel au Parlement |w(CaOODSP)9.833937 |
| 780 | 00|tAnnual report |w(CaOODSP)9.505949 |